LEADER 00969nam a2200289 i 4500 001 991001740509707536 005 20020503153101.0 008 000908s1964 it ||| | ita 035 $ab10266185-39ule_inst 035 $aEXGIL90732$9ExL 040 $aBiblioteca Interfacoltà$bita 082 0 $a843.912 100 1 $aLuppé, Robert :$cde$0384478 245 10$aAlbert Camus /$cRobert De Luppé 260 $aTorino :$bBorla,$c1964 300 $a180 p. ;$c18 cm. 490 0 $aScrittori del secolo ;$v5 500 $aTrad. L. Vagliasindi 500 $aTit. orig.: Albert Camus 700 1 $aVagliasindi, Laura 907 $a.b10266185$b17-02-17$c27-06-02 912 $a991001740509707536 945 $aLE002 843.912 CAM D DEL 1964 945 $aLE002 Fil. VIII M 11$g1$i2002000413352$lle002$o-$pE0.00$q-$rl$s- $t0$u0$v0$w0$x0$y.i10317314$z27-06-02 996 $aAlbert Camus$9144168 997 $aUNISALENTO 998 $ale002$b01-01-00$cm$da $e-$fita$git $h0$i1 LEADER 04805nam 22007095 450 001 9910484611403321 005 20251225173532.0 010 $a3-030-67087-2 024 7 $a10.1007/978-3-030-67087-0 035 $a(CKB)4100000011716957 035 $a(DE-He213)978-3-030-67087-0 035 $a(MiAaPQ)EBC6456085 035 $a(PPN)253252997 035 $a(EXLCZ)994100000011716957 100 $a20210113d2021 u| 0 101 0 $aeng 135 $aurnn|008mamaa 181 $ctxt$2rdacontent 182 $cc$2rdamedia 183 $acr$2rdacarrier 200 10$aNetworked Systems $e8th International Conference, NETYS 2020, Marrakech, Morocco, June 3?5, 2020, Proceedings /$fedited by Chryssis Georgiou, Rupak Majumdar 205 $a1st ed. 2021. 210 1$aCham :$cSpringer International Publishing :$cImprint: Springer,$d2021. 215 $a1 online resource (XVII, 376 p. 100 illus., 69 illus. in color.) 225 1 $aComputer Communication Networks and Telecommunications,$x2945-9184 ;$v12129 300 $aIncludes index. 311 08$a3-030-67086-4 327 $aInvited Papers -- On Network Topologies and the Decidability of Reachability Problem -- Hide Me: Enabling Location Privacy in Heterogeneous Vehicular Networks -- Blockchains and the Commons -- Regular Papers -- On the State Reachability Problem for Concurrent Programs under Power -- On the Encoding and Solving of Partial Information Games -- Efficient Concurrent Execution of Smart Contracts in Blockchains using Object-based Transactional Memory -- Exploring IoT Trickle-based Dissemination using Timed Model-checking and Symbolic Execution -- Broadcasting Information in Multi-hop Networks prone to Mobile Byzantine Faults -- Infinite Grid Exploration by Disoriented Robots -- Wireless Broadcast with short labels -- The Imitation Game: Algorithm Selection by Exploiting Black-Box Recommenders -- Byzantine k-Set Agreement -- Fissile Locks -- Verifying Safety of Parameterized Heard-Of Algorithms -- Staleness and Local Progress in Transactional Memory -- Generic Framework for Optimization of Local Dissemination in Wireless Networks -- Verifying Weakly Consistent Transactional Programs using Symbolic Execution -- NetSheriff: Sheltering Software-Defined Networks from Rogue Switches -- Self-stabilizing Uniform Reliable Broadcast -- Fully Anonymous Consensus and Set Agreement Algorithms -- Cutoffs for symmetric point-to-point distributed algorithms -- Short Papers -- Stateless Distributed Ledgers -- Stability Under Adversarial Injection of Dependent Tasks -- Collaborative filtering: comparative study between Matrix Factorization and Neural Network method -- Routing in Generalized Geometric Inhomogeneous Random Graphs (Extended Abstract). 330 $aThis book constitutes the revised selected papers of the 8th International Conference on Networked Systems, NETYS 2020, held in Marrakech, Morocco, in June 2020.* The 18 revised full papers and 4 short papers presented together with 3 invited papers were carefully reviewed and selected from 46 submissions. The papers cover all aspects related to the design and the development of these systems, including, but not restricted to, concurrent and distributed algorithms, parallel/concurrent/distributed programming, multi-core architectures, formal verification, distributed databases, cloud systems, networks, security, formal verification, etc. *The conference was held virtually due to the COVID-19 pandemic. 410 0$aComputer Communication Networks and Telecommunications,$x2945-9184 ;$v12129 606 $aComputer networks 606 $aComputers, Special purpose 606 $aSoftware engineering 606 $aData structures (Computer science) 606 $aInformation theory 606 $aArtificial intelligence 606 $aComputer Communication Networks 606 $aSpecial Purpose and Application-Based Systems 606 $aSoftware Engineering 606 $aData Structures and Information Theory 606 $aArtificial Intelligence 615 0$aComputer networks. 615 0$aComputers, Special purpose. 615 0$aSoftware engineering. 615 0$aData structures (Computer science) 615 0$aInformation theory. 615 0$aArtificial intelligence. 615 14$aComputer Communication Networks. 615 24$aSpecial Purpose and Application-Based Systems. 615 24$aSoftware Engineering. 615 24$aData Structures and Information Theory. 615 24$aArtificial Intelligence. 676 $a004.6 702 $aGeorgiou$b Chryssis 702 $aMajumdar$b Rupak 801 0$bMiAaPQ 801 1$bMiAaPQ 801 2$bMiAaPQ 906 $aBOOK 912 $a9910484611403321 996 $aNetworked Systems$92499603 997 $aUNINA